00674nam a2200157Ia 4500003000900000005001700009008004100026040002800067110006300095245014500158260008100303300004600384504002400430650002000454650004200474DO-SdBJH20180418012328.0180414s9999 dr 000 0 spa d aDO-SdBJHbspacDO-SdBJH aInstituto de Cooperación para la Seguridad Hemisférica10aFM 71-2 Fuerzas de tarea de los batallones de tanques e infantería mecanizada / Instituto de Cooperación para la Seguridad Hemisférica aFuerte Benning, Georgia : Cuartel General Secretaría del Ejército, 1988 aiii, 295 páginas en varias paginaciones aIncluye apéndices 4aFuerza de tarea 4aBatallones -- Infantería mecanizada